New England Patriots Season Records - Statistics

General Stats
  • This quiz has been taken 40 times
    14 since last reset
  • The average score is 55 of 66
Answer Stats
Year Answer % Correct
2024 Losing
100%
2023 Losing
100%
2022 Losing
100%
2020 Losing
100%
2021 Winning
100%
2019 Winning
100%
2018 Winning
100%
2017 Winning
100%
2016 Winning
100%
2015 Winning
100%
2014 Winning
100%
2013 Winning
100%
2012 Winning
100%
2011 Winning
100%
2010 Winning
100%
2009 Winning
100%
2008 Winning
100%
2007 Winning
100%
2006 Winning
100%
2005 Winning
100%
2004 Winning
100%
2003 Winning
100%
2002 Winning
100%
2000 Losing
93%
Winning
93%
2001 Winning
93%
1995 Losing
79%
1999 Tied
79%
1998 Winning
79%
1997 Winning
79%
1996 Winning
79%
1979 Winning
79%
1978 Winning
79%
1977 Winning
79%
1976 Winning
79%
1993 Losing
71%
1992 Losing
71%
1991 Losing
71%
1990 Losing
71%
1989 Losing
71%
1981 Losing
71%
1975 Losing
71%
1973 Losing
71%
1972 Losing
71%
1971 Losing
71%
1970 Losing
71%
1969 Losing
71%
1968 Losing
71%
1967 Losing
71%
1965 Losing
71%
1960 Losing
71%
1983 Tied
71%
1974 Tied
71%
1994 Winning
71%
1988 Winning
71%
1987 Winning
71%
1986 Winning
71%
1985 Winning
71%
1984 Winning
71%
1982 Winning
71%
1980 Winning
71%
1966 Winning
71%
1964 Winning
71%
1963 Winning
71%
1962 Winning
71%
1961 Winning
71%
No matching quizzes found
Score Distribution
Percent of People with Each Score
Percentile by Number Answered
Your Score History
You have not taken this quiz since the last reset